000 04992cam a2200565 a 4500
005 20031230185550.0
008 940308s1993 enkab b 001 0 eng
010 _aENG-101632 B-425629-651
020 _c261.00
_a9788177098471
020 _c261.00
_a8177098470
035 _aEN-85165 B-425629-651
037 _bDBAD/PUB
037 _bAllied Pub/Ven
040 _adpl
_bEng
082 _a510
100 1 _922405
_aDasgupta, Asit
245 1 0 _aMathematics MCQ/
_cby Asit Dasgupta
260 _aNew Delhi
_bBharati Bhawan
_c2010
270 _a4271/3 Ansari Road, Daryaganj,
_bNew Delhi
_e110002
300 _avarious pagings
_c22cm (pbk)
650 0 _922448
651 _922481
700 _922431
942 _2ddc
_cEN
_mDAS
_h510
999 _c48231
_d48231